[Event "XV Asiad Women's Rapid"]
[Site "Doha QAT"]
[Date "2006.12.02"]
[Round "2"]
[White "Aketaeva,D"]
[Black "Zhu Chen"]
[Result "0-1"]
[WhiteElo "2312"]
[BlackElo "2501"]

1.e4 c5 2.Nf3 d6 3.d4 cxd4 4.Nxd4 Nf6 5.Nc3 a6 6.Be2 e5 7.Nb3 Be7 8.O-O O-O
9.Be3 Be6 10.f3 Nbd7 11.Nd5 Nxd5 12.exd5 Bf5 13.c4 Bg5 14.Bf2 b6 15.Bd3 Bxd3
16.Qxd3 f5 17.a4 a5 18.Bg3 Nc5 19.Nxc5 bxc5 20.b3 Bh4 21.Be1 Bxe1 22.Raxe1 Rb8
23.f4 e4 24.Qc3 Rf7 25.Rf2 Rfb7 26.Rb1 Rb4 27.Rfb2 R8b7 28.g3 h6 29.Kh1 Qe7
30.Re1 Kh7 31.Qc2 Qf6 32.Re2 Kh8 33.g4 Re7 34.Rb1 fxg4 35.Rxe4 Qf5 36.Rbe1 Kh7
37.Qe2 Rxe4 38.Qxe4 Qxe4+ 39.Rxe4 Rxb3 40.Re6 Rb4 41.Rxd6 Rxc4 42.Rc6 Rxf4
43.Rxc5 Rxa4 44.d6 Rd4 45.Rxa5 Rxd6 46.Kg2 Rd3 47.Ra6 h5 48.Ra4 Kh6 49.Rb4 Kg5
50.Rb5+ Kh4 51.Rb2 g6 52.Ra2 Rd5 53.Rb2 Kg5 54.Ra2 h4 55.Rb2 Kh5 56.Ra2 Rd1
57.Rf2 h3+ 58.Kg3 Rd3+ 59.Kf4 g5+ 60.Ke4 Ra3 61.Rf8 g3 62.hxg3 Kg4  0-1

[Event "XV Asiad Women's Rapid"]
[Site "Doha QAT"]
[Date "2006.12.02"]
[Round "3"]
[White "Zhu Chen"]
[Black "Pourkashiyan,A"]
[Result "0-1"]
[WhiteElo "2501"]
[BlackElo "2329"]

1.e4 e5 2.Nf3 Nf6 3.Nxe5 d6 4.Nf3 Nxe4 5.d4 d5 6.Bd3 Be7 7.O-O Nc6 8.c4 Nb4
9.Be2 O-O 10.a3 Nc6 11.cxd5 Qxd5 12.Nc3 Nxc3 13.bxc3 Bf5 14.Re1 Rfe8 15.Bf4 Bd6
16.c4 Qe4 17.Be3 Rad8 18.c5 Be7 19.Qb3 Na5 20.Qc3 Nc6 21.Rad1 Qc2 22.Qa1 Na5
23.a4 Bf6 24.Bb5 c6 25.Bf1 h6 26.Re2 Qb3 27.Rb2 Qd5 28.Qa3 Re7 29.Qc3 b6
30.cxb6 axb6 31.Rxb6 Be4 32.Be2 Ra8 33.h3 Rea7 34.Ne1 Qd8 35.Rb4 Nb7 36.Bf3 Bd5
37.Bxd5 cxd5 38.Bf4 Nd6 39.Qb3 Nc4 40.Nf3 Na5 41.Qa2 Nc4 42.Rdb1 Kh7 43.Qc2+ g6
44.Ne5 Bxe5 45.dxe5 Qd7 46.Ra1 Qe7 47.Qc3 Qd7 48.Qb3 Qf5 49.Bg3 Qe6 50.Rb7 Kg7
51.Rb5 Ra5 52.Ra2 Kh7 53.Rb7 R5a7 54.Rxa7 Rxa7 55.Qb8 Ra5 56.Qd8 Qb6 57.Qxb6 Nxb6
58.Rb2 Nxa4 59.Rb7 Kg8 60.Rd7 Nc3 61.Rd8+ Kh7 62.e6 Ne2+ 63.Kh2 fxe6 64.Be5 g5
65.Rd7+ Kg8 66.Re7 d4 67.Rxe6 d3 68.Bc7 Rd5 69.Bb6 d2 70.Rxe2 d1=Q 71.Re8+ Kf7
72.Rh8 Qc1 73.Rxh6 Qf4+ 74.g3 Qf3 75.Rh7+ Kg6  0-1

[Event "XV Asiad Women's Rapid"]
[Site "Doha QAT"]
[Date "2006.12.03"]
[Round "4"]
[White "Zhu Chen"]
[Black "Geldyeva,M"]
[Result "1-0"]
[WhiteElo "2501"]
[BlackElo "2273"]

1.e4 e5 2.Nf3 Nc6 3.Bb5 a6 4.Ba4 Nf6 5.O-O Be7 6.Re1 b5 7.Bb3 d6 8.c3 O-O
9.h3 Na5 10.Bc2 c5 11.d4 cxd4 12.cxd4 Qc7 13.Bg5 Bb7 14.Nbd2 Rac8 15.Rc1 h6
16.Be3 Qb8 17.b3 Nc6 18.d5 Nb4 19.Bb1 Rxc1 20.Qxc1 Rc8 21.Qa3 Nc2 22.Bxc2 Rxc2
23.Nxe5 Bxd5 24.exd5 b4 25.Qxa6 dxe5 26.Qd3 Rc3 27.Qf5 Nxd5 28.Nc4 Nxe3 29.Nxe3 Rc5
30.Nc4 Bf6 31.Qe4 g6 32.Qe3 Qf8 33.Rd1 Qe7 34.Qe4 Qa7 35.Rd6 Bg7 36.Qe3 Qc7
37.Qd2 e4 38.Rd8+ Bf8 39.Re8 e3 40.Rxe3 Qc6 41.Re5 Rxe5 42.Nxe5 Qe4 43.Nc4 g5
44.g3 Bc5 45.Ne3 Qe5 46.Kh2 Kg7 47.Qd3 Qb2 48.Qc2 Qc3 49.Qe2 Qe5 50.Qf3 Qb2
51.Kg2 Qxa2 52.Nf5+ Kh7 53.h4 g4 54.Qf4 Qa8+ 55.Kh2 Qc6 56.Qxg4 Qf6 57.Qf3 Kg6
58.h5+ Kh7 59.Kg2 Qb2 60.Ne3 Bxe3 61.Qxf7+ Kh8 62.Qe8+ Kg7 63.Qe7+ Kg8 64.Qxe3 Qc3
65.Qe6+ Kf8 66.Qxh6+ Kf7 67.Qf4+ Kg7 68.Qg4+ Kh7 69.Qe6 Kg7 70.g4 Qd4 71.Qe7+ Kh6
72.Qe3+  1-0

[Event "XV Asiad Women's Rapid"]
[Site "Doha QAT"]
[Date "2006.12.03"]
[Round "5"]
[White "Koneru,H"]
[Black "Zhu Chen"]
[Result "1-0"]
[WhiteElo "2545"]
[BlackElo "2501"]

1.d4 Nf6 2.c4 e6 3.Nf3 b6 4.g3 Ba6 5.b3 Bb7 6.Bg2 Bb4+ 7.Bd2 c5 8.O-O Na6
9.a3 Bxd2 10.Nbxd2 O-O 11.Qc2 cxd4 12.Nxd4 Bxg2 13.Kxg2 Qc8 14.Rfd1 Qb7+
15.Kg1 Rfc8 16.Rac1 d5 17.Qb2 Qe7 18.cxd5 Rxc1 19.Rxc1 Nxd5 20.b4 h5 21.N2f3 Nac7
22.Qc2 Ne8 23.h4 a5 24.Ng5 Ndf6 25.Qc6 Qa7 26.e4 e5 27.Nf5 axb4 28.axb4 Rd8
29.Kg2 Rd2 30.Rc2 Rd1 31.Qc3 Qa6 32.Qc4 Qxc4 33.Rxc4 Rb1 34.Rc8 Kf8 35.Nd6 Rxb4
36.Rb8 Ke7 37.Nf5+ Kd7 38.f3 Kc7 39.Ra8 Rb2+ 40.Kh3 g6 41.Nh6 Kb7 42.Rd8 Kc7
43.Nhxf7 b5 44.Ne6+ Kb7 45.Nxe5 b4 46.Nd3 Rb1 47.e5 b3 48.exf6 Nxf6 49.Nec5+ Kc7
50.Ne6+ Kb7 51.Rd4 Kc6 52.Rb4 Kd6 53.Nef4 Nd7 54.Nxg6 Nc5 55.Rd4+ Kc6 56.Rc4 b2
57.Rxc5+ Kb6 58.Nxb2 Kxc5 59.Nd3+ Kd4 60.Nde5 Ke3 61.g4 hxg4+ 62.Kxg4 Rg1+
63.Kf5 Rh1 64.f4 Kd4 65.Kg5 Ke4 66.h5 Rg1+ 67.Ng4 Ra1 68.h6 Ra5+ 69.N6e5 Ra8
70.Nf6+ Ke3 71.h7 Kd4 72.Ng8 Ke4  1-0

[Event "XV Asiad Women's Rapid"]
[Site "Doha QAT"]
[Date "2006.12.03"]
[Round "6"]
[White "Nguyen Thi Thanh An"]
[Black "Zhu Chen"]
[Result "1-0"]
[WhiteElo "2312"]
[BlackElo "2501"]

1.Nf3 d5 2.d4 c6 3.c4 Nf6 4.e3 Bf5 5.Bd3 Bxd3 6.Qxd3 e6 7.O-O Ne4 8.Nc3 f5
9.Ne5 Bd6 10.cxd5 exd5 11.f3 Bxe5 12.dxe5 Nxc3 13.bxc3 g6 14.c4 dxc4 15.Qxc4 Qe7
16.Qb3 Na6 17.Ba3 c5 18.Rfd1 Rd8 19.Bb2 Nb4 20.Rd6 Kf8 21.Rad1 Kg7 22.Rd7 Rxd7
23.Rxd7 Re8 24.e6+ Kh6 25.Rxe7 Rxe7 26.Bf6 Re8 27.e7  1-0

[Event "XV Asiad Women's Rapid"]
[Site "Doha QAT"]
[Date "2006.12.04"]
[Round "7"]
[White "Zhu Chen"]
[Black "Methmali,Y"]
[Result "1-0"]
[WhiteElo "2501"]
[BlackElo "1895"]

1.e4 c5 2.Nf3 Nc6 3.Bb5 a6 4.Bxc6 bxc6 5.O-O g6 6.c3 Bg7 7.d4 cxd4 8.cxd4 Nf6
9.Nc3 O-O 10.Re1 d6 11.h3 Rb8 12.b3 c5 13.e5 Nd7 14.Bg5 dxe5 15.dxe5 f6 16.exf6 exf6
17.Bf4 Rb7 18.Qd5+ Kh8 19.Rad1 Qa5 20.Ne4 f5 21.Nd6 Nb6 22.Qd3 Rd7 23.Ne5 Re7
24.Nxg6+ hxg6 25.Rxe7 Bd7 26.Qg3 Rf6 27.Be5  1-0

[Event "XV Asiad Women's Rapid"]
[Site "Doha QAT"]
[Date "2006.12.04"]
[Round "8"]
[White "Mir Mahmoud,A"]
[Black "Zhu Chen"]
[Result "0-1"]
[WhiteElo "1961"]
[BlackElo "2501"]

1.d4 Nf6 2.c4 e6 3.Nf3 b6 4.g3 Ba6 5.b3 Bb7 6.Bg2 Bb4+ 7.Bd2 c5 8.O-O O-O
9.Nc3 cxd4 10.Nxd4 Bxg2 11.Kxg2 Qc8 12.Rc1 Qb7+ 13.Kg1 Be7 14.Bg5 a6 15.e3 h6
16.Bxf6 Bxf6 17.Qf3 Nc6 18.Nxc6 dxc6 19.Ne4 Be7 20.Rcd1 Rad8 21.Rxd8 Rxd8
22.Rd1 Qc7 23.Rxd8+ Qxd8 24.Qe2 Bb4 25.f3 a5 26.Nf2 Qf6 27.Nd3 Be7 28.Kg2 Qc3
29.Nb2 Bc5 30.Kf2 Bxe3+ 31.Qxe3 Qxb2+ 32.Qe2 Qxe2+ 33.Kxe2 Kf8 34.Kd3 Ke7
35.a3 Kd6 36.f4 Kc5 37.Kc3 b5 38.b4+ axb4+ 39.axb4+ Kd6 40.Kd4 bxc4 41.Kxc4 h5
42.h3 f6 43.Kd4 e5+ 44.fxe5+ fxe5+ 45.Kc4 g5 46.Kd3 Kd5 47.g4 h4 48.Ke3 e4  0-1

[Event "XV Asiad Classical"]
[Site "Doha QAT"]
[Date "2006.12.06"]
[Round "1"]
[White "Jamalia,N"]
[Black "Zhu Chen"]
[Result "0-1"]
[WhiteElo "1988"]
[BlackElo "2501"]

1.d4 Nf6 2.Nf3 e6 3.c4 b6 4.Nc3 Bb4 5.Bd2 Bb7 6.e3 O-O 7.Bd3 d5 8.cxd5 exd5
9.Qc2 c5 10.O-O c4 11.Be2 Nbd7 12.Rfe1 Re8 13.Bf1 a6 14.Ne2 Bd6 15.Ng3 b5
16.b3 Rc8 17.bxc4 dxc4 18.a3 Ne4 19.Bc3 Ndf6 20.Nd2 Nxc3 21.Qxc3 Bc7 22.Qc2 Qd6
23.Be2 h5 24.Bf3 Qb6 25.Qf5 g6 26.Qg5 c3 27.Nb3 Bxf3 28.gxf3 Nh7 29.Qh4 Qc6
30.e4 Qc4 31.Nc5 Qxd4 32.Nxa6 Bd8 33.Qh3 Bg5 34.Ne2 Qf6 35.Nb4 Bd2  0-1

[Event "XV Asiad Classical"]
[Site "Doha QAT"]
[Date "2006.12.07"]
[Round "2"]
[White "Zhu Chen"]
[Black "Sukandar,I"]
[Result "1-0"]
[WhiteElo "2501"]
[BlackElo "2239"]

1.e4 c5 2.Nf3 Nc6 3.Bb5 g6 4.Bxc6 dxc6 5.d3 Bg7 6.h3 Nf6 7.Nc3 Nd7 8.Be3 e5
9.Qd2 h6 10.Nh2 Qe7 11.O-O Nf8 12.f4 exf4 13.Bxf4 Ne6 14.Bg3 Qg5 15.Qe1 Nd4
16.Qf2 Be6 17.Bf4 Qe7 18.Rae1 O-O 19.e5 Bf5 20.g4 Be6 21.Ne4 Bd5 22.Bg3 Bxe4
23.Rxe4 Rad8 24.Bh4 g5 25.Bg3 Rd5 26.Kg2 Rfd8 27.b3 b5 28.Nf3 b4 29.Rfe1 Qe6
30.h4 Nxf3 31.Qxf3 Rd4 32.hxg5 hxg5 33.Qf5 Rxe4 34.Rxe4 Bh6 35.Bf2 Rd5 36.Kf3 a6
37.Be3 Kf8 38.Qxe6 fxe6 39.Rc4 Rxe5 40.Bxc5+ Ke8 41.Bxb4 Kd7 42.Bd2 Kc7 43.Ra4 Rc5
44.c4 Kb7 45.d4  1-0

[Event "XV Asiad Classical"]
[Site "Doha QAT"]
[Date "2006.12.08"]
[Round "3"]
[White "Zhu Chen"]
[Black "Koneru,H"]
[Result "1-0"]
[WhiteElo "2501"]
[BlackElo "2545"]

1.e4 e5 2.Nf3 Nc6 3.Bb5 a6 4.Ba4 Nf6 5.d3 d6 6.c3 Bd7 7.Nbd2 g6 8.Nf1 Bg7
9.Bg5 h6 10.Bh4 Ne7 11.Ne3 Bxa4 12.Qxa4+ Qd7 13.Qb3 Qb5 14.Qc2 Qc6 15.a4 Nfg8
16.Nd2 Bf6 17.Bg3 Bg5 18.O-O h5 19.h3 f5 20.exf5 h4 21.f4 Bh6 22.Bh2 gxf5
23.Rae1 O-O-O 24.fxe5 Bxe3+ 25.Rxe3 d5 26.d4 Nh6 27.Rf2 Rdg8 28.Nf1 Kb8 29.Kh1 Nf7
30.Bf4 Nd8 31.Ref3 Qg6 32.Ne3 Ne6 33.Qb3 Rd8 34.Nc2 c5 35.Qa3 Nc6 36.Bh2 cxd4
37.Rxf5 d3 38.Ne3 Qh6 39.Nf1 Qc1 40.R5f3 Ng5 41.Bf4 Qb1 42.Bxg5 Rde8 43.Bf6 Rhg8
44.Qd6+ Ka8 45.Qxd5 Rg3 46.Kh2  1-0

[Event "XV Asiad Classical"]
[Site "Doha QAT"]
[Date "2006.12.09"]
[Round "4"]
[White "Sabirova,O"]
[Black "Zhu Chen"]
[Result "0-1"]
[WhiteElo "2230"]
[BlackElo "2501"]

1.e4 c6 2.d4 d5 3.Nc3 dxe4 4.Nxe4 Bf5 5.Ng3 Bg6 6.Nf3 Nd7 7.h4 h6 8.h5 Bh7
9.Bd3 Bxd3 10.Qxd3 e6 11.Bd2 Ngf6 12.O-O-O Be7 13.Ne4 O-O 14.Kb1 Nxe4 15.Qxe4 Nf6
16.Qe2 Qd5 17.Ne5 Qe4 18.Qxe4 Nxe4 19.Be3 Rfd8 20.g4 Rac8 21.f3 Nd6 22.Rd3 Bf6
23.Rhd1 Kf8 24.Bd2 Nb5 25.Bb4+ Kg8 26.f4 Nd6 27.Ra3 Bxe5 28.dxe5 Ne4 29.Rad3 Rxd3
30.Rxd3 Nf2 31.Rd7 c5 32.Bd2 b5 33.a3 Nxg4 34.Rxa7 Rd8 35.Kc1 g6 36.hxg6 fxg6
37.b3 h5 38.Be1 Ne3 39.Bh4 Rd1+ 40.Kb2 Rh1 41.Ra8+ Kf7 42.Ra7+ Ke8 43.Be7 Nd1+
44.Kc1 h4 45.Kd2 Nf2 46.Ke3 Ng4+ 47.Kf3 Nh6 48.Bxc5 Rh3+ 49.Kg2 Rc3 50.b4 Rxc2+
51.Kh3 Nf5 52.Rb7 Rc3+ 53.Kh2 Rxa3 54.Rxb5 Ra2+ 55.Kh3 Ra3+ 56.Kh2 Rf3 57.Rb8+ Kd7
58.Rg8 Rxf4 59.Rxg6 Re4 60.Rg2 Rxe5 61.Rc2 Re1 62.b5 Rb1 63.b6 e5 64.Kh3 Rb3+
65.Kg4 Ke6 66.Bf2 Nd4 67.Bxd4 exd4 68.Kxh4 Kd5 69.Kg4 Rxb6 70.Kf3 d3 71.Rc8 Re6
72.Kf2 Kd4 73.Ra8 d2 74.Rd8+ Kc3 75.Rc8+ Kb2 76.Rb8+ Kc2 77.Rc8+ Kd1 78.Ra8 Rf6+
79.Ke3 Ke1 80.Rh8  0-1

[Event "XV Asiad Classical"]
[Site "Doha QAT"]
[Date "2006.12.10"]
[Round "5"]
[White "Zhu Chen"]
[Black "Nguyen Thi Thanh An"]
[Result "1/2-1/2"]
[WhiteElo "2501"]
[BlackElo "2312"]

1.e4 c5 2.Nf3 d6 3.d4 cxd4 4.Nxd4 Nf6 5.Nc3 Nc6 6.Bg5 Bd7 7.Qd2 Rc8 8.O-O-O Nxd4
9.Qxd4 Qa5 10.Be3 a6 11.f3 e6 12.Kb1 b5 13.Qd2 Qc7 14.a3 Be7 15.Bf4 e5 16.Bg5 Be6
17.Bxf6 gxf6 18.f4 Qb7 19.Nd5 Bxd5 20.exd5 Rc5 21.g3 Bd8 22.Bg2 Qe7 23.Rhe1 Rc4
24.Qe2 Ba5 25.c3 h5 26.Be4 Qc7 27.fxe5 fxe5 28.Rf1 h4 29.Rd3 Bxc3 30.bxc3 Qc5
31.Qf3 Rf8 32.Bg6 Qxa3 33.Bxf7+ Kd8 34.Rf2 Ra4 35.Qf6+ Kc7 36.Rb2 Kb6 37.Qe7 Rc8
38.Be6 Re4 39.Rd1 Rxc3 40.Qd8+ Rc7 41.Qb8+ Rb7 42.Qd8+ Rc7 43.Qb8+ Rb7 44.Qd8+ Rc7  1/2-1/2

[Event "XV Asiad Classical"]
[Site "Doha QAT"]
[Date "2006.12.11"]
[Round "6"]
[White "Zhao Xue"]
[Black "Zhu Chen"]
[Result "0-1"]
[WhiteElo "2467"]
[BlackElo "2501"]

1.d4 d5 2.c4 c6 3.Nc3 Nf6 4.e3 e6 5.Nf3 Nbd7 6.Qc2 Bd6 7.b3 O-O 8.Be2 dxc4
9.bxc4 e5 10.O-O Re8 11.Rd1 exd4 12.exd4 Nf8 13.h3 Ng6 14.Bf1 Qa5 15.c5 Bf4
16.Bxf4 Nxf4 17.Qd2 Qc7 18.Ne5 N4d5 19.Nxd5 Nxd5 20.Nc4 Be6 21.Nd6 Re7 22.Rdb1 Rb8
23.a4 Rd7 24.Bc4 Qd8 25.Bxd5 Bxd5 26.Qf4 b6 27.Rb2 h6 28.h4 Qf8 29.Re1 Rbd8
30.Rbe2 Be6 31.Re4 Rxd6 32.cxd6 Qxd6 33.Qc1 b5 34.axb5 cxb5 35.Re5 b4 36.d5 Bd7
37.Qf4 f6 38.R5e4 Qxf4 39.Rxf4 Rb8 40.Rb1 b3 41.Rc4 a5 42.Rc7 Bf5 43.Rb2 a4
44.Ra7 Rb4 45.f3 Kf8 46.Kf2 Rxh4 47.Ke3 Rb4 48.g4 Bc2 49.d6 Ke8 50.d7+ Kd8
51.Kd2 Rd4+ 52.Ke3 Rc4 53.Ke2 f5 54.gxf5 h5 55.Kf2 h4 56.Kg1 Rd4 57.Kh2 Bxf5
58.Rg2 g6 59.Re2 Bxd7  0-1

[Event "XV Asiad Classical"]
[Site "Doha QAT"]
[Date "2006.12.13"]
[Round "8"]
[White "Geldyeva,M"]
[Black "Zhu Chen"]
[Result "0-1"]
[WhiteElo "2273"]
[BlackElo "2501"]

1.d4 Nf6 2.c4 e6 3.Nc3 Bb4 4.Qc2 c5 5.dxc5 O-O 6.a3 Bxc5 7.Nf3 b6 8.e3 Bb7
9.Be2 Be7 10.O-O d6 11.b4 Nbd7 12.Bb2 Rc8 13.Rac1 a6 14.Rfd1 Rc7 15.Ng5 Qa8
16.f3 Rfc8 17.Qb3 Qa7 18.Na4 h6 19.Nh3 d5 20.Nf4 Bd6 21.cxd5 e5 22.Rxc7 Rxc7
23.Ne6 Rc8 24.g4 b5 25.Nac5 Nxc5 26.Nxc5 Bxc5 27.bxc5 Qxc5 28.Rc1 Qxd5 29.Rxc8+ Bxc8
30.Qc3 Be6 31.Qxe5 Qd2 32.Bf1 Qd1 33.Kg2 h5 34.h3 hxg4 35.hxg4 Qd2+ 36.Kg1 Bc4
37.Bxc4 bxc4 38.Qd4 Qe1+ 39.Kg2 Qe2+ 40.Kg3 Kh7 41.e4 Qe1+ 42.Qf2 Qb1 43.Qd4 Qf1
44.e5 Ne8 45.Qf2 Qd3 46.Qe1 Nc7 47.Qc3 Qxc3 48.Bxc3 Nb5 49.Bb4 c3 50.Kf2 c2
51.Bd2 Nd4 52.Ke3 Nb3 53.Kd3 c1=Q 54.Bxc1 Nxc1+ 55.Kc4 g5 56.Kb4 Nd3+ 57.Ka5 Nxe5
58.Kxa6 Nxf3 59.a4 Nd4 60.Kb6 Nb3 61.Kb5 f5 62.gxf5 g4 63.Kc4 g3  0-1

[Event "XV Asiad Classical"]
[Site "Doha QAT"]
[Date "2006.12.14"]
[Round "9"]
[White "Zhu Chen"]
[Black "Pourkashiyan,A"]
[Result "0-1"]
[WhiteElo "2501"]
[BlackElo "2329"]

1.e4 e5 2.Nf3 Nf6 3.Nxe5 d6 4.Nf3 Nxe4 5.d4 d5 6.Bd3 Be7 7.O-O Nc6 8.c4 Nf6
9.cxd5 Nxd5 10.Ne5 Nxe5 11.dxe5 Be6 12.a3 Qd7 13.Qc2 O-O-O 14.Rd1 f6 15.Be4 fxe5
16.Nc3 Qc6 17.Qd3 Nxc3 18.Bxc6 Rxd3 19.Rxd3 Ne2+ 20.Kf1 Nxc1 21.Bxb7+ Kxb7
22.Rxc1 Rf8 23.Ke2 Bd6 24.g3 a5 25.Ke3 a4 26.h4 Ra8 27.f3 Ra5 28.Ke4 Bf7
29.Rd2 Rb5 30.Rc3 Bg6+ 31.Ke3 Bc5+ 32.Ke2 Bd4 33.Rc4 Rb3 34.Rxa4 Re3+ 35.Kf2 Re4+
36.Kf1 Re3 37.Kf2 Rb3+ 38.Ke2 c5 39.Ra5 Be8 40.Rc2 Bc6 41.Raxc5 Bxc5 42.Rxc5 Bxf3+
43.Kf2 e4 44.Re5 Rxb2+ 45.Ke3 Kc6 46.a4 Kd6 47.Re8 Ra2 48.Rg8 Rxa4 49.Rxg7 h5
50.Kf4 Ke6 51.Rb7 Kd5 52.Rd7+ Kc4 53.Rd8 Ra5 54.Ke3 Ra3+ 55.Kf4 Kc3 56.g4 hxg4
57.h5 Ra5 58.h6 Rh5 59.Rd6 Kc4 60.Ra6 Kd3 61.Ra3+ Ke2 62.Ra2+ Kf1 63.Ra1+ Kg2
64.Ra6 Kh2  0-1

[Event "Gibtelecom Masters"]
[Site "Catalan Bay ENG"]
[Date "2007.01.26"]
[Round "4"]
[White "Kaidanov,G"]
[Black "Zhu Chen"]
[Result "1/2-1/2"]
[WhiteElo "2595"]
[BlackElo "2518"]

1.d4 d5 2.c4 c6 3.Nc3 Nf6 4.e3 e6 5.Nf3 Nbd7 6.Bd3 dxc4 7.Bxc4 b5 8.Bd3 Bb7
9.O-O b4 10.Ne4 Nxe4 11.Bxe4 Bd6 12.Qa4 O-O 13.Bd2 f5 14.Bd3 c5 15.Be2 Rf6
16.Rfc1 Bd5 17.Qd1 Rb8 18.Bc4 Ba8 19.a3 a5 20.dxc5 Nxc5 21.axb4 axb4 22.Be1 Kh8
23.g3 Ne4 24.Be2 e5 25.Ra7 h6 26.Bc4 Qb6 27.Rca1 Qc6 28.R1a6 Nc3 29.bxc3 Qxf3
30.Qxf3 Bxf3 31.cxb4 Bxb4 32.Rxf6 gxf6 33.Ra1 Bxe1 34.Rxe1 Rb2 35.Bf1 Kg7
36.Bg2 e4 37.Rc1 Kg6 38.Bf1 Rd2 39.Bb5 Kf7 40.Bc4+ Ke7 41.Bf1 Kf7 42.Bc4+  1/2-1/2

[Event "Gibtelecom Masters"]
[Site "Catalan Bay ENG"]
[Date "2007.01.27"]
[Round "5"]
[White "Zhu Chen"]
[Black "Akopian,Vl"]
[Result "1/2-1/2"]
[WhiteElo "2518"]
[BlackElo "2700"]

1.e4 c6 2.d4 d5 3.Nc3 dxe4 4.Nxe4 Nf6 5.Nxf6+ gxf6 6.Be3 Qb6 7.Qc1 Bf5 8.Nf3 Rg8
9.Nh4 Be4 10.Be2 Qa5+ 11.Qd2 Qxd2+ 12.Kxd2 Nd7 13.f3 Bg6 14.Rad1 e6 15.Kc1 f5
16.Nxg6 hxg6 17.h4 Nf6 18.g4 Nd5 19.Bd2 Bd6 20.c4 Nf4 21.Bf1 Rh8 22.Kc2 Rd8
23.b4 a6 24.a4 Ke7 25.b5 axb5 26.axb5 Ra8 27.c5 Bb8 28.bxc6 bxc6 29.Rb1 Ra2+
30.Rb2 Rxb2+ 31.Kxb2 fxg4 32.fxg4 g5 33.h5 f5 34.Bxf4 Bxf4 35.Bg2 Be3 36.Kc3 Rd8
37.Rd1 fxg4 38.Bxc6 e5 39.Kc4 exd4 40.h6 Kf6 41.Rf1+ Bf4 42.h7 d3 43.h8=Q+ Rxh8
44.Kxd3 Rh2 45.Rg1 g3 46.Rg2 Rh7 47.Rc2 Re7 48.Bg2 g4 49.c6 Kg5 50.Rc5+ Kh4
51.Rc2 Bc7 52.Rc1 Bf4 53.Rc2 Re3+ 54.Kd4 Re1 55.c7 Bxc7 56.Rxc7 Re2 57.Rh7+ Kg5
58.Ba8 g2 59.Bxg2 Rxg2 60.Ke3 Ra2 61.Rh8  1/2-1/2

[Event "Gibtelecom Masters"]
[Site "Catalan Bay ENG"]
[Date "2007.02.01"]
[Round "9"]
[White "Zhu Chen"]
[Black "Ehlvest,J"]
[Result "0-1"]
[WhiteElo "2518"]
[BlackElo "2610"]

1.e4 c5 2.Nf3 e6 3.d4 cxd4 4.Nxd4 Nf6 5.Nc3 d6 6.g4 h6 7.h4 Nc6 8.Rg1 h5
9.gxh5 Nxh5 10.Bg5 Nf6 11.Qd2 Qb6 12.Nb3 a6 13.O-O-O Bd7 14.Rg3 Qc7 15.Bg2 Nh5
16.Rh3 Rc8 17.Kb1 b5 18.a3 b4 19.axb4 Nxb4 20.Bf1 e5 21.Rh2 Rb8 22.Bh3 Bc6
23.Nd5 Bxd5 24.exd5 Be7 25.Qc3 Qb6 26.Be3 Qb5 27.Bf1 Qa4 28.Ba7 Ra8 29.Qc7 O-O
30.Qxe7 Rfc8 31.f3 Qa2+ 32.Kc1 Qxb3 33.Rdd2 Qa2 34.Kd1 Qb1+ 35.Ke2 Ng3+ 36.Kf2 Nxf1
37.Rh1 Rxc2 38.Rxc2 Nd3+ 39.Kg2 Nf4+  0-1

[Event "9th Open"]
[Site "Dubai UAE"]
[Date "2007.04.24"]
[Round "3"]
[White "Zhu Chen"]
[Black "Abedi,Al"]
[Result "1-0"]
[WhiteElo "2518"]
[BlackElo "2208"]

1.e4 c5 2.Nf3 e6 3.d4 cxd4 4.Nxd4 a6 5.Bd3 d6 6.O-O Be7 7.Nc3 Nf6 8.Kh1 O-O
9.f4 Qc7 10.Qe1 Nbd7 11.Nf3 Nc5 12.e5 Nxd3 13.cxd3 Nd7 14.Qg3 f5 15.Nd4 Nb8
16.Be3 Nc6 17.Rac1 Bd7 18.Na4 Rf7 19.Nf3 Re8 20.Nb6 Qd8 21.Nc4 Qb8 22.Qh3 h6
23.Qh5 Bf8 24.Bb6 d5 25.Ncd2 Nb4 26.Nd4 Nxd3 27.Rc3 Nxb2 28.Rg3 g5 29.fxg5 hxg5
30.Rh3 Rg7 31.N2f3 Be7 32.Nxf5 exf5 33.e6 Bxe6 34.Bd4 Kf8 35.Qh6  1-0

[Event "9th Open"]
[Site "Dubai UAE"]
[Date "2007.04.28"]
[Round "7"]
[White "Zhu Chen"]
[Black "Nasri,A"]
[Result "1/2-1/2"]
[WhiteElo "2518"]
[BlackElo "2330"]

1.d4 d5 2.c4 e6 3.Nc3 c6 4.e4 dxe4 5.Nxe4 Bb4+ 6.Bd2 Qxd4 7.Bxb4 Qxe4+ 8.Be2 c5
9.Bxc5 Qxg2 10.Bf3 Qg5 11.Bd6 Ne7 12.Ne2 Nbc6 13.Rg1 Qf6 14.Bxc6+ Nxc6 15.Qb3 b6
16.c5 bxc5 17.Rd1 Nd4 18.Nxd4 cxd4 19.Qg3 Ba6 20.Qxg7 Qxg7 21.Rxg7 d3 22.Bc5 Rd8
23.b4 Bc4 24.Kd2 a6 25.Rc1 Bxa2 26.Bb6 Rb8 27.Bd4 Rxb4 28.Kxd3 e5 29.Rc8+ Kd7
30.Rxh8 exd4 31.Ra8 Bb1+ 32.Kd2 Bg6 33.Ra7+ Ke6 34.Rxa6+ Ke5 35.Ra2 Rb8 36.h4 Kf6
37.Rxg6+ hxg6 38.Kd3 Rb4 39.Ke4 Kg7 40.Ra5 Kh6 41.Rd5 f5+ 42.Kf4 Rb2 43.Kg3 Rd2  1/2-1/2

[Event "9th Open"]
[Site "Dubai UAE"]
[Date "2007.04.30"]
[Round "9"]
[White "Zhu Chen"]
[Black "Kayumov,S"]
[Result "1-0"]
[WhiteElo "2518"]
[BlackElo "2425"]

1.e4 e5 2.Nf3 Nc6 3.Bb5 Nf6 4.d3 d6 5.c3 Bd7 6.Nbd2 g6 7.Nf1 Bg7 8.Bg5 h6
9.Bh4 Ne7 10.Bc4 O-O 11.Ne3 c6 12.Bb3 Nh5 13.d4 g5 14.dxe5 gxh4 15.Nxh4 Nf4
16.g3 Neg6 17.exd6 Nxh4 18.gxf4 Qf6 19.f5 Rfe8 20.Bc2 Rad8 21.Rg1 Bc8 22.Qh5 Rxd6
23.Rg3 Kf8 24.f4 Ng6 25.fxg6 fxg6 26.Qe2 Qh4 27.e5 g5 28.exd6 gxf4 29.Qf2 Bf6
30.Rf3 Qxf2+ 31.Kxf2 fxe3+ 32.Rxe3 Bh4+ 33.Kf3 Rd8 34.Rd1 h5 35.Kf4 Kg7 36.Bf5 Kf6
37.Bxc8 Bg5+ 38.Kf3 Bxe3 39.Bxb7 Bc5 40.d7 Ke5 41.Bxc6 Rf8+ 42.Kg3 Bf2+ 43.Kh3 Bb6
44.Re1+ Kd6 45.Re8 Rf2 46.Ba4 Rf3+ 47.Kg2 Rf2+ 48.Kg3 h4+ 49.Kh3 Rf3+ 50.Kg4  1-0

[Event "North Urals Cup"]
[Site "Krasnoturinsk RUS"]
[Date "2007.07.23"]
[Round "2"]
[White "Zhu Chen"]
[Black "Pogonina,N"]
[Result "1/2-1/2"]
[WhiteElo "2522"]
[BlackElo "2429"]

1.d4 Nf6 2.c4 c5 3.d5 b5 4.Nf3 e6 5.dxe6 fxe6 6.cxb5 d5 7.e3 Bd6 8.Be2 O-O
9.O-O Bb7 10.Nbd2 Qe7 11.Qc2 Nbd7 12.b3 Kh8 13.Bb2 e5 14.e4 Nxe4 15.Nxe4 dxe4
16.Ne1 Nf6 17.g3 Nd5 18.Ng2 Rad8 19.a3 Ba8 20.Rad1 Nc7 21.Bc4 Qe8 22.a4 Qh5
23.Ne3 Rf6 24.Qe2 Qxe2 25.Bxe2 Ne6 26.Rxd6 Rxd6 27.Bxe5 Nd4 28.Bd1 Rd8 29.Bxf6 gxf6
30.Bc2 Nxc2 31.Nxc2 Rd3 32.Ne3 Bd5 33.Rc1 Bxb3 34.a5 c4 35.Nxc4 Rd5 36.b6 axb6
37.axb6 Bxc4 38.Rxc4 Rb5 39.Rc8+ Kg7 40.Rb8 Rb1+ 41.Kg2 f5 42.b7 h6 43.g4 fxg4
44.Kg3 Rb4 45.Kf4 e3+ 46.Kxe3 Kh7 47.Kd3 Kg7 48.Kc3 Rb1 49.Kd4 Rb5 50.Ke4 h5
51.Kf4 Kh7 52.Kg3 Kg7 53.Kh4 Kh7 54.Rf8 Rxb7 55.Kxh5 Rb4 56.Kg5 Rb1 57.Kxg4 Rg1+
58.Kh5 Kg7 59.Rf5 Rf1 60.h4 Rh1 61.Rg5+ Kf7 62.Rg3 Rb1 63.Ra3 Rb6 64.f4 Kg7
65.Ra5 Rh6+ 66.Kg4 Rb6 67.Ra7+ Kf6 68.h5 Rc6 69.h6 Kg6 70.h7 Rc8 71.Kf3 Re8
72.Re7 Rh8 73.Ke4 Kf6 74.Ra7 Re8+ 75.Kd5 Rd8+ 76.Kc6 Rh8 77.Kd6 Rd8+ 78.Rd7 Rh8
79.Kd5 Re8 80.Rd6+ Kg7 81.Rd7+ Kf6 82.Rd6+ Kg7 83.Re6 Rd8+ 84.Ke5 Kxh7 85.f5 Rd1
86.Kf6 Rf1 87.Re7+ Kh6 88.Ke6 Ra1 89.Kf7 Ra8 90.f6 Kh7 91.Re8 Ra7+ 92.Re7 Ra8
93.Rd7 Rb8 94.Rd2 Rb7+ 95.Ke6 Rb6+ 96.Rd6 Rb8 97.Rd1 Kg6 98.Rg1+ Kh7 99.f7 Rb6+
100.Ke5 Rb5+ 101.Kd6 Rb6+ 102.Ke7 Rb7+ 103.Kf6 Rb6+ 104.Kf5 Rb5+ 105.Ke4 Rb4+
106.Kd5 Rb5+ 107.Kd6 Rb6+ 108.Ke5 Rb5+ 109.Ke4 Rb4+  1/2-1/2

[Event "North Urals Cup"]
[Site "Krasnoturinsk RUS"]
[Date "2007.07.28"]
[Round "6"]
[White "Galliamova,A"]
[Black "Zhu Chen"]
[Result "0-1"]
[WhiteElo "2468"]
[BlackElo "2522"]

1.d4 d5 2.c4 c6 3.Nf3 Nf6 4.Qb3 dxc4 5.Qxc4 Bf5 6.g3 e6 7.Nc3 Nbd7 8.e3 Rc8
9.Qe2 Bb4 10.Bd2 O-O 11.Bg2 Re8 12.O-O e5 13.h3 Bg6 14.Rad1 exd4 15.Nxd4 c5
16.Ndb5 c4 17.Rfe1 Ne5 18.e4 Nd3 19.Bg5 a6 20.Na3 Bxc3 21.bxc3 b5 22.Nb1 Qa5
23.Bxf6 Nxe1 24.Rxe1 gxf6 25.a3 Rcd8 26.g4 Qc7 27.h4 h6 28.Qe3 Kg7 29.f4 Rd3
30.Qf2 Red8 31.f5 Bh7 32.Bf3 Qf4 33.Kg2 h5 34.Qg3 Qxg3+ 35.Kxg3 hxg4 36.Kxg4 Rg8
37.Kg3 Kf8+ 38.Kf2 Ke7 39.Rc1 Kd6 40.Be2 Rh3 41.Rd1+ Ke5 42.Rd4 Kf4 43.Ke1 Rg1+
44.Bf1 Rxf1+ 45.Kxf1 Rh1+ 46.Ke2 Rxb1 47.a4 Rb2+ 48.Kd1 Ke3 49.axb5 axb5  0-1

[Event "North Urals Cup"]
[Site "Krasnoturinsk RUS"]
[Date "2007.07.29"]
[Round "7"]
[White "Zhu Chen"]
[Black "Paehtz,E"]
[Result "1/2-1/2"]
[WhiteElo "2522"]
[BlackElo "2457"]

1.d4 e6 2.c4 Bb4+ 3.Nd2 Nf6 4.Nf3 b6 5.a3 Bxd2+ 6.Qxd2 Bb7 7.e3 O-O 8.Be2 Ne4
9.Qc2 f5 10.O-O Rf6 11.Rd1 d6 12.d5 c5 13.Nd2 Ng5 14.f4 Nf7 15.e4 exd5 16.cxd5 Qe7
17.Bf3 Rh6 18.g3 Nd7 19.exf5 Qe3+ 20.Kg2 Bxd5 21.Ne4 Rxh2+ 22.Kxh2 Qxf3 23.Rxd5 Re8
24.Qg2 Qxe4 25.Qxe4 Rxe4 26.b4 Nf6 27.Rd2 h5 28.bxc5 dxc5 29.a4 Nh6 30.a5 Nxf5
31.a6 Nd4 32.Kh3 Kh7 33.Ra3 Ng4 34.Bb2 Re1 35.Kg2 Nf5 36.Rad3 Nfe3+ 37.Kf3 Rf1+
38.Ke4 Nc4 39.Kd5 Nxd2 40.Rxd2 Ne3+ 41.Kc6 Nc4 42.Rc2 Na5+ 43.Kc7 Re1 44.Bc3 Rb1
45.Bxa5 bxa5 46.Rxc5 Kh6 47.Rxa5 Rb6 48.Kc8 g6 49.Kc7 Kg7 50.Kc8 Kh6  1/2-1/2

[Event "North Urals Cup"]
[Site "Krasnoturinsk RUS"]
[Date "2007.07.30"]
[Round "8"]
[White "Ushenina,A"]
[Black "Zhu Chen"]
[Result "1/2-1/2"]
[WhiteElo "2502"]
[BlackElo "2522"]

1.d4 d5 2.c4 c6 3.Nc3 Nf6 4.e3 a6 5.Nf3 b5 6.b3 Bg4 7.Be2 e6 8.O-O Nbd7 9.h3 Bh5
10.Bb2 Bd6 11.Ne5 Bxe2 12.Nxe2 bxc4 13.bxc4 O-O 14.Rb1 Qc7 15.Nxd7 Qxd7 16.Qa4 Rfb8
17.Ba3 Bxa3 18.Qxa3 Qc8 19.Nc3 h6 20.Rfc1 dxc4 21.Qc5 Nd5 22.Qxc4 Nxc3 23.Qxc3 Rxb1
24.Rxb1 Rb8 25.Rc1 Rb6 26.a4 Qb7 27.Kh2 Rb4 28.Qxc6 Qxc6 29.Rxc6 Rxa4 30.Rc8+ Kh7
31.g4 g5 32.Kg3 Ra1 33.Rd8 Kg7 34.d5 exd5 35.Rxd5 Rb1 36.Rd6 a5 37.Ra6 Rb5
38.h4 Re5 39.Kh3 f6 40.Ra7+ Kf8 41.Kg3 Ke8 42.Rh7 a4 43.Rxh6 Ra5 44.hxg5 fxg5
45.Rh1 a3 46.Ra1 a2 47.Kf3 Ke7 48.Ke4 Ke6 49.Kd4 Ra8 50.Kc3 Ke5 51.Kb3 Rb8+
52.Kxa2 Ke4 53.Rc1 Kf3 54.Rc5 Kxg4 55.f4 gxf4 56.Rc4 Rf8  1/2-1/2